| 000 | 00755nam a22002657a 4500 | ||
|---|---|---|---|
| 003 | 0 | ||
| 005 | 20180723130751.0 | ||
| 008 | 0 | ||
| 010 | _aA-481857 | ||
| 020 |
_c00.00 _a8185274169 |
||
| 035 | _aA-481857, A-481860 | ||
| 037 | _bCen Lib/Ret | ||
| 040 |
_aDPL _bEN _c0 |
||
| 082 |
_a339 _bBRA |
||
| 100 |
_aBranson, William H. _914793 |
||
| 245 |
_aMacroeconomics theory and policy / _cby William H. Branson |
||
| 250 | _a2nd ed | ||
| 260 |
_aNew Delhi _bUniversal Book Stall _c1979 |
||
| 270 |
_a5, Ansari Road _bNew Delhi _e110002 |
||
| 300 |
_axiv,556p. _c23cm(Hb) |
||
| 500 | _aIncludes index | ||
| 650 |
_aMacroeconomics _991815 |
||
| 650 |
_aMacroeconomics--Political aspects _914795 |
||
| 942 |
_2ddc _cEN _h339 _mBRA |
||
| 999 |
_c125567 _d125567 |
||